Another evening at Jimmy Ryan's /

Bibliographic Details
Main Author: De Paris, Wilbur
Corporate Author: Rampart Street Ramblers
Other Authors: Simeon, Omer, 1902-1959, De Paris, Sidney, Gibbs, Eddie, 1908-, Barker, Danny, Kirkpatrick, Don, Lester, Norman, Moore, Freddie
Format: CD Audio
Language:No linguistic content
Published: Bridgeport, CT : Jazz Crusade/Special Request Music, [between 1990 and 1999?]
Subjects:

MARC

Tag First Indicator Second Indicator Subfields
LEADER 00000cjm a2200000Ia 4500
001 in00003739733
005 20170926152124.0
007 sd fungnn|||ee
008 001128p199u1951ctumunn fi n zxx d
024 1 |a 712006306122 
028 0 2 |a JCCD-3061  |b Jazz Crusade/Special Request Music 
035 |a (OCoLC)ocm45430131 
040 |a SDE  |b eng  |c SDE  |d OCLCQ  |d OCLCG  |d LRU  |d OCLCO  |d OCLCF  |d OCL  |d OCLCQ  |d OCLCO  |d TXA  |d UtOrBLW 
047 |a jz  |a bl  |a rg 
049 |a TXAM 
090 |a M1366.D462  |b A56 1990z 
100 1 |a De Paris, Wilbur.  |0 http://id.loc.gov/authorities/names/n91048667 
245 1 0 |a Another evening at Jimmy Ryan's /  |c Wilbur DeParis ; [featuring Omer Simeon]. 
246 1 |i Container title:  |a Another evening at Jimmy Ryan's with the Rampart St. Ramblers featuring Omer Simeon 
264 1 |a Bridgeport, CT :  |b Jazz Crusade/Special Request Music,  |c [between 1990 and 1999?] 
300 |a 1 audio disc :  |b digital ;  |c 4 3/4 in. 
336 |a performed music  |b prm  |2 rdacontent 
337 |a audio  |b s  |2 rdamedia 
338 |a audio disc  |b sd  |2 rdacarrier 
511 0 |a Wilbur De Paris, trombone ; Sidney De Paris, trumpet ; Omer Simeon, clarinet ; Eddie Gibbs (tracks 1-5, 7-9, 11-13), Danny Barker (tracks 6, 10), banjo ; Don Kirkpatrick (tracks 1-9, 11-13), Norman Lester (track 10), piano ; Freddie Moore, drums. 
518 |a Recorded live 1951-1952 at Jimmy Ryan's nightclub, NYC. 
500 |a Compact disc (AAD). 
500 |a Program notes inserted in container. 
505 0 0 |t Prelude in C♯ minor  |g (4:38) --  |t There's a girl in the heart of Maryland my Maryland  |g (3:24) --  |t Martinique  |g (5:42) --  |t At a Georgia camp meeting  |g (3:29) --  |t Pearls  |g (4:15) --  |t Milneberg joys  |g (5:28) --  |t Florida blues  |g (8:18) --  |t Twelfth Street rag  |g (5:21) --  |t Blame it on the blues  |g (4:08) --  |t Alexander's ragtime band  |g (4:17) --  |t Fiddle up your ragtime violin  |g (3:02) --  |t Waitin' for the Robert E. Lee  |g (4:16) --  |t South Rampart Street parade  |g (3:13). 
500 |a Sound recording. 
650 0 |a Jazz  |y 1951-1960.  |0 http://id.loc.gov/authorities/subjects/sh90002680 
650 0 |a Blues (Music)  |y 1951-1960.  |0 http://id.loc.gov/authorities/subjects/sh87003283 
650 0 |a Ragtime music.  |0 http://id.loc.gov/authorities/subjects/sh85110853 
650 7 |a Blues (Music)  |2 fast  |0 (OCoLC)fst00835056 
650 7 |a Jazz.  |2 fast  |0 (OCoLC)fst00982165 
650 7 |a Ragtime music.  |2 fast  |0 (OCoLC)fst01088526 
648 7 |a 1951-1960  |2 fast 
655 7 |a Live sound recordings.  |2 fast  |0 (OCoLC)fst01726308 
655 7 |a Live sound recordings.  |2 lcgft  |0 http://id.loc.gov/authorities/genreForms/gf2011026368 
700 1 |a Simeon, Omer,  |d 1902-1959.  |0 http://id.loc.gov/authorities/names/n91022224 
700 1 |a De Paris, Sidney.  |0 http://id.loc.gov/authorities/names/n91049777 
700 1 |a Gibbs, Eddie,  |d 1908-  |0 http://id.loc.gov/authorities/names/n91049781 
700 1 |a Barker, Danny.  |0 http://id.loc.gov/authorities/names/n85239484 
700 1 |a Kirkpatrick, Don.  |0 http://id.loc.gov/authorities/names/n91049779 
700 1 |a Lester, Norman. 
700 1 |a Moore, Freddie.  |0 http://id.loc.gov/authorities/names/n91049786 
710 2 |a Rampart Street Ramblers.  |0 http://id.loc.gov/authorities/names/no98018083 
948 |a cataloged  |b h  |c 2017/1/23  |d c  |e ceaton  |f 9:48:29 am 
999 f f |s dfe3543e-5a3b-3137-9052-50cc3049abc6  |i ebaeeaf0-894c-36af-9c70-8726299c11fb  |t 0 
952 f f |p ric  |a Texas A&M University  |b Rellis Campus  |c Joint Library Facility  |d Remote Storage  |t 0  |e M1366.D462 A56 1990z  |h Library of Congress classification  |i audio -- audio disc  |m A14843688228 
998 f f |a M1366.D462 A56 1990z  |t 0  |l Remote Storage